Advanced engineering mathematics

محفوظ في:
التفاصيل البيبلوغرافية
المؤلف الرئيسي: Kreyszig, Erwin
التنسيق: كتاب
منشور في: John Wiley and Sons 1999
الوسوم: إضافة وسم
لا توجد وسوم, كن أول من يضع وسما على هذه التسجيلة!
Thư viện lưu trữ: Mạng thư viện Đại học Đà Nẵng
LEADER 00529nam a2200217 a 4500
001 000030268
003 8426
005 20171030145630.0
008 171030s1999
040 |a LTT 
082 0 |a 510.25  |b KR-E 
100 1 |a Kreyszig, Erwin 
245 0 0 |a Advanced engineering mathematics  |c Erwin Kreyszig. 
260 |b John Wiley and Sons  |c 1999 
OWN |a LTT 
999 |a From the UDN01 
TYP |a Monograph 
TYP |a Printed language 
980 |a Mạng thư viện Đại học Đà Nẵng